| 000 | 00629nam a2200169 a 4500 | ||
|---|---|---|---|
| 005 | 20140310183306.0 | ||
| 008 | 051007s19uu xx 00 eng d | ||
| 050 |
_aPL 5501 _b.P185 2005 |
||
| 245 |
_aPamasahe : _bthe 1st accompanying book for PARADA, the 2005 Fine Arts Festival / _cAteneo De Manila University Fine Arts Department. |
||
| 260 |
_aManila, Philippines : _bAteneo De Manila University Fine Arts Department, _c2005. |
||
| 300 |
_a158 p. : _c23 cm. |
||
| 650 |
_aLiterature _xPhilippines _xCollections. |
||
| 650 | _aPhilippine essay. | ||
| 650 | _aPhilippine short story. | ||
| 942 |
_cBK _2lcc _kLOC |
||
| 999 |
_c21086 _d21086 |
||